Network security: (Record no. 2874)

000 -LEADER
fixed length control field 00655nam a2200229 4500
001 - CONTROL NUMBER
control field 2874
003 - CONTROL NUMBER IDENTIFIER
control field BD-DhUET
008 - FIXED-LENGTH DATA ELEMENTS--GENERAL INFORMATION
fixed length control field 141013b xxu||||| |||| 00| 0 eng d
020 ## - INTERNATIONAL STANDARD BOOK NUMBER
International Standard Book Number 0070586713
040 ## - CATALOGING SOURCE
Transcribing agency 0
Modifying agency BD-DhUET
082 ## - DEWEY DECIMAL CLASSIFICATION NUMBER
Classification number 004.678
Item number BRA/2004
100 ## - MAIN ENTRY--PERSONAL NAME
Personal name Bragg, Roberta
245 ## - TITLE STATEMENT
Title Network security:
Remainder of title the complete reference
Statement of responsibility, etc. by Roberta Bragg, Mark Phodes-Ousley, Keith Strassberg
250 ## - EDITION STATEMENT
Edition statement 1st ed.
260 ## - PUBLICATION, DISTRIBUTION, ETC. (IMPRINT)
Place of publication, distribution, etc. New Delhi:
Name of publisher, distributor, etc. Tata McGraw-Hill,
Date of publication, distribution, etc. 2004.
300 ## - PHYSICAL DESCRIPTION
Extent xxxxviii,854p.
504 ## - BIBLIOGRAPHY, ETC. NOTE
Bibliography, etc Includes bibliographies
650 #0 - SUBJECT ADDED ENTRY--TOPICAL TERM
Topical term or geographic name as entry element Network-Security
700 ## - ADDED ENTRY--PERSONAL NAME
Personal name Phodes-Ousley, Mark
700 ## - ADDED ENTRY--PERSONAL NAME
Personal name Strassberg, Keith
942 ## - ADDED ENTRY ELEMENTS (KOHA)
Koha item type General Book
Holdings
Copy number Date acquired Shelving location Not for loan Damaged status Sublocation or collection (holding branch) Location (home branch) Koha normalized classification for sorting Source of classification or shelving scheme Price effective from Koha full call number Withdrawn status Koha date last seen Lost status Piece designation (barcode) Koha item type
12014-10-13Circulation section  Central Library, BUETCentral Library, BUET004_000000000000000_678BRA2004 2014-10-13004.678/BRA/2004 2014-10-13 102002General Book
22014-10-13Circulation section  Central Library, BUETCentral Library, BUET004_000000000000000_678BRA2004 2014-10-13004.678/BRA/2004 2014-10-13 102003General Book